Quizzes
Events
Quiz Creation
Community
Videos
Private Events
Remove Ads
Sign In
Join for FREE
Feedback
Dark Mode
Quiz Categories
Sports
Geography
Music
Movies
Television
Just For Fun
Miscellaneous
History
Literature
Language
Science
Gaming
Entertainment
Religion
Holiday
For Kids
Quiz Lab
Recent
Popular Today
Quiz Kudos Today
Editor Picks
Curator Picks
Quizzes by...
Day
Popularity
Type
Ratings
Length
Year
Community
Subscriptions
Recent Discussions
Orange Saloon
Badges
Playlists
Quests
Create
Leaderboards
Showdown
Live 5
Trivia Bingo
Activity
Puzzle Library
Sporcle Events
Private Events
Virtual Trivia
Globe League
Become a Host
Pub Owners
SporcleCon
Opinionation
Our Games
Videos
Blog
Mobile Apps
Partnerships
Remove Ads and Go Orange
Feedback
Movies
Disney
Marvel Cinematic Universe
Movie Resume
Movie Titles
Oscar
Actor
Actress
Director
Pixar
Role
Movie Quotes
Movie Characters
Box Office
Nominee
Best Picture
Star Wars
James Bond
Horror Movies
Movies
Disney
Marvel Cinematic Universe
Movie Resume
Movie Titles
Oscar
Actor
Actress
Director
Pixar
Role
Movie Quotes
Movie Characters
Box Office
Nominee
Best Picture
Star Wars
James Bond
Horror Movies
Random Quiz
Search Sporcle
×
Quiz Lab
Quiz Lab
Movies
Disney
Type in answers that appear in a list
Type in answers that appear in a list
Classic
Best Score? Go Orange.
Guess the Lyrics 02 (Disney) Stats
Can you name the Guess the Lyrics 02 (Disney)
By
Noilamall
13m
276 Questions
483 Plays
483 Plays
483 Plays
Comments
Comments
Give Quiz Kudos
Give Quiz Kudos
-
- Ratings
hide this ad
More Info
Replay
Link that replays current quiz
Next Quiz
Link to next quiz in quiz playlist
You Got
0%
They Got
Avg Score
76%
Avg Friend Score
Upgrade to see
Score Distribution
Jump to the score distribution portion of the page
Score
0/276
Timer
13:00
0
Plays Today
% Correct
a
97.9%
A
97.9%
I
97.7%
I
97.7%
I
97.7%
I
97.7%
I
97.7%
I
97.7%
The
96.3%
the
96.3%
The
96.3%
the
96.3%
the
96.3%
the
96.3%
the
96.3%
the
96.3%
the
96.3%
the
96.3%
the
96.3%
the
96.3%
the
96.3%
The
96.3%
the
96.3%
the
96.3%
the
96.3%
the
96.3%
The
96.3%
the
96.3%
you
91.3%
and
90.6%
and
90.6%
And
90.6%
and
90.6%
and
90.6%
and
90.6%
And
90.6%
an
90.4%
when
89.8%
it
89.4%
it
89.4%
it
89.4%
it
89.4%
it
89.4%
it
89.4%
it
89.4%
it
89.4%
it
89.4%
it
89.4%
it
89.4%
it
89.4%
it
89.4%
it
89.4%
it
89.4%
be
89%
Be
89%
be.
89%
to
88.5%
to
88.5%
to
88.5%
to
88.5%
to
88.5%
To
88.5%
on
87.9%
on,
87.9%
on.
87.9%
on,
87.9%
is
87.7%
is
87.7%
is
87.7%
is
87.7%
me
87.5%
me,
87.5%
me
87.5%
me.
87.5%
me
87.5%
me
87.5%
in
87.3%
in
87.3%
in
87.3%
in
87.3%
in
87.3%
do.
86.5%
can
85.2%
go.
84.6%
go.
84.6%
go.
84.6%
go.
84.6%
go.
84.6%
go.
84.6%
go.
84.6%
go.
84.6%
go.
84.6%
% Correct
go
84.6%
go.
84.6%
go.
84.6%
of
84.2%
No
84.2%
no
84.2%
no
84.2%
of
84.2%
of
84.2%
see.
83.3%
see
83.3%
see
83.3%
I'm
80.8%
I'm
80.8%
I'm
80.8%
they
80.6%
what
80.6%
what
80.6%
Don't
79.6%
don't
79.6%
don't
79.6%
don't
79.6%
don't
79.6%
know.
79.2%
know.
79.2%
how
79.2%
like
79%
like
79%
like
79%
like
79%
let
78.5%
let
78.5%
let
78.5%
Let
78.5%
Let
78.5%
Let
78.5%
Let
78.5%
Let
78.5%
Let
78.5%
Let
78.5%
Let
78.5%
Let
78.5%
Let
78.5%
Let
78.5%
Let
78.5%
Let
78.5%
Let
78.5%
Let
78.5%
Can't
77.7%
can't
77.7%
have
77.5%
one
76.9%
one
76.9%
not
76.5%
them
76.5%
them
76.5%
them
76.5%
now
76.5%
never
76.3%
It's
76.3%
It's
76.3%
never
76.3%
never
76.3%
never
76.3%
My
75.6%
My
75.6%
that
75.2%
That
75.2%
always
74.4%
girl
74%
girl
74%
cold
73.8%
cold
73.8%
snow
73.1%
anyway.
73.1%
for
73.1%
anyway.
73.1%
bothered
72.9%
bothered
72.9%
storm
72.3%
good
72.3%
storm
72.3%
all.
72.3%
storm
72.3%
all
72.3%
storm
72.3%
back
71.9%
am
71.9%
back.
71.9%
wind
71.5%
going
71.5%
wind
71.5%
% Correct
going
71.5%
seen.
71%
rage
70.8%
rage
70.8%
rage
70.8%
mountain
70.6%
looks
70.6%
anymore.
70.4%
feel
70.2%
hold
70.2%
Queen.
70%
at
70%
Well
69.6%
with
69.6%
this
69.4%
say.
69.4%
they're
69.2%
I've
68.3%
tonight
67.9%
You'll
67.7%
inside.
67.5%
kingdom
67.3%
isolation
66.9%
howling
66.7%
Here
66.5%
here
66.5%
Here
66.5%
footprint
66.3%
some
66.3%
get
66.3%
care
66%
time
65.6%
I'll
65.6%
knows
64.8%
Conceal
64.6%
sky.
64.4%
keep
64.2%
tried.
64.2%
stand,
64%
stand
64%
white
63.8%
everything
63.8%
day.
63.8%
glows
63.5%
seem
63.3%
Couldn't
63.1%
away
62.9%
door.
62.9%
cry.
62.9%
swirling
62.7%
once
62.5%
gone.
62.3%
free.
62.3%
Heaven
62.1%
Turn
61.7%
slam
61.7%
funny
61.5%
makes
61.3%
small.
60.6%
right
60.4%
light
60.4%
through.
60%
through
60%
break
59.8%
stay.
59.8%
break
59.8%
distance
59.6%
wrong
59.6%
rules
59.2%
around.
58.1%
past
57.3%
past.
57.3%
limits
57.1%
test
56.9%
perfect
56.7%
controlled
56.5%
frozen
56.5%
fears
54.4%
power
54.4%
air
54.2%
dawn.
54.2%
into
53.1%
icy
52.3%
ground.
51.9%
rise
50.2%
blast.
49%
fractals
48.8%
flurries
47.7%
thought
46.7%
soul
45.8%
spiraling
44.8%
crystallizes
39.6%
Quiz Playlist
Details
Report
Send in Message
Add To Playlist
More Info:
Can you get all the lyrics to this Disney song without any hints?
Classic:
Type in answers that appear in a list
Last Updated: Feb 28, 2019
Quiz Scoreboard
CHALLENGE
Sign Up to Join the Scoreboard
Show All
Scores
Hide
Comments
May contain spoilers
Recently Published
Movies - When Are They Set?
by FPL_Elf
Movies
5m
Popular People in 1961
by mucciniale
History
6m
1-10 Letter E Words III
by El_Dandy
Language
2m
More to Explore
Quiz From the Vault
Featured Blog Post
Where Did the Easter Bunny Come From?
hide this ad
You Might Also Like...
Tags
Disney Quiz
Animated Movie
Disney Films
Disney Songs
Figure Out the Lyrics
Movie Songs
Today's Top Quizzes in Movies
Browse Movies
hide this ad
Today's Top Quizzes in Disney
Browse Disney
Top Contributed Quizzes in Movies
1
Pick 5 Posters: Directed by Spielberg
2
Multi-Oscar Nominations, One Movie, One Winner
3
One Thing in Common: Movies
4
12 Movies about Fictional 1960s Events
5
One Thing in Common: Movies II
6
Sunday Crossword: Film Score Composers
7
Three Word 'H' Movies Match Up
8
Three Word 'T' Movies Match Up
9
One Thing in Common: Oscars
10
Three Word 'M' Movies Match Up
Explore More
Trending Topics
Anime
Kpop
Harry Potter
Crossword
NBA
Disney
Marvel
Song
Pokémon
WWE
Country
Soccer
Puzzle
NFL
The Office
hide this ad
More By:
Noilamall
Quiz
Plays
Rating
Category
Featured
Created
Guess the Lyrics 10 (TV Theme)
1,811
4.20
Television
Feb 22, 2014
Guess the Lyrics 22 (Disney)
1,729
3.33
Movies
Apr 28, 2014
Guess the Lyrics 23 (Disney)
903
4.00
Movies
Apr 28, 2014
Guess the Lyrics 25 (Disney)
673
2.67
Movies
May 15, 2014
Guess the Lyrics 02 (Disney)
483
5.00
Movies
Dec 18, 2013
Go to Creator's Profile
Score Distribution
Quiz Creator Spotlight
Noilamall
Follow
Send a Message
Quizzes Created
-
Created Quiz Play Count
-
More By This Creator
Popular Quizzes Today
1
Find the Countries of Europe - No Outlines Minefield
2
Find the US States - No Outlines Minefield
3
The Countries of the World
4
Popular People in 1961
5
1-10 Letter E Words III
6
US States
7
Find the US States
8
One Thing in Common: World Cities II
More Movies Quizzes
At The Academy: Denzel Washington
Curator's Pick
Trending Quizzes
Risky Map Clicking: Least Populous States A-Z
1-10 Letter F Words
Humor Books: The Subtitles
1-10 Letter G Words
One Thing in Common: United Kingdom
Recently Updated
Leaping Animals
pecheneg
Reality TV Shows (A-Z)
bhenderson79
Rickey Henderson's Hall of Fame Teammates
pecheneg
Champions League XIs: Arsenal
pecheneg
Quick Pick: Celebrities in WWE's Hall of Fame
aduchscher
A-Z Keypad Blitz II
pecheneg
Multiple Oscar Actors
pecheneg
Mystery Phrase Blitz: Oscar 'Best Actors'
pecheneg
F. Scott Fitzgerald Novels
LTH
Pick 3 Villains
ddd62291
Trending Topics
Disney
Kpop
Anime
Marvel
NBA
Harry Potter
Crossword
Soccer
Puzzle
Song
WWE
The Office
NFL
Country
Pokémon
Your Account Isn't Verified!
In order to create a playlist on Sporcle, you need to verify the email address you used during registration. Go to your
Sporcle Settings
to finish the process.
Report this User
Report this user for behavior that violates our
Community Guidelines
.
Details:
Send Report
Go to the Sporcle.com Mobile Site →
Comments